The climate connection : (Record no. 8139)

MARC details
000 -LEADER
fixed length control field 02311cam a2200433 a 4500
001 - CONTROL NUMBER
control field 16457907
003 - CONTROL NUMBER IDENTIFIER
control field OSt
005 - DATE AND TIME OF LATEST TRANSACTION
control field 20210930153548.0
008 - FIXED-LENGTH DATA ELEMENTS--GENERAL INFORMATION
fixed length control field 100914s2010 enkab b 001 0 eng
010 ## - LIBRARY OF CONGRESS CONTROL NUMBER
LC control number 2010282453
015 ## - NATIONAL BIBLIOGRAPHY NUMBER
National bibliography number GBA9B5817
Source bnb
016 7# - NATIONAL BIBLIOGRAPHIC AGENCY CONTROL NUMBER
Record control number 015433049
Source Uk
020 ## - INTERNATIONAL STANDARD BOOK NUMBER
International Standard Book Number 9780521197700 (hbk.)
020 ## - INTERNATIONAL STANDARD BOOK NUMBER
International Standard Book Number 0521197708 (hbk.)
020 ## - INTERNATIONAL STANDARD BOOK NUMBER
International Standard Book Number 9780521147231 (pbk.)
020 ## - INTERNATIONAL STANDARD BOOK NUMBER
International Standard Book Number 0521147239 (pbk.)
035 ## - SYSTEM CONTROL NUMBER
System control number (OCoLC)ocn473454708
040 ## - CATALOGING SOURCE
Original cataloging agency UKM
Transcribing agency HU
Modifying agency BWKUK
-- BWK
-- YDXCP
-- BWX
-- AGL
-- DEBBG
-- CDX
-- TOH
-- DLC
042 ## - AUTHENTICATION CODE
Authentication code ukblcatcopy
-- lccopycat
050 00 - LIBRARY OF CONGRESS CALL NUMBER
Classification number GF71
Item number .H48 2010
082 04 - DEWEY DECIMAL CLASSIFICATION NUMBER
Classification number 304.25
Edition number 22
084 ## - OTHER CLASSIFICATION NUMBER
Classification number 304.25
Number source rvk
100 1# - MAIN ENTRY--PERSONAL NAME
Personal name Hetherington, Renée.
9 (RLIN) 8785
245 14 - TITLE STATEMENT
Title The climate connection :
Remainder of title climate change and modern human evolution /
Statement of responsibility, etc. Renée Hetherington, Robert G.B. Reid.
260 ## - PUBLICATION, DISTRIBUTION, ETC.
Place of publication, distribution, etc. Cambridge ;
-- New York :
Name of publisher, distributor, etc. Cambridge University Press,
Date of publication, distribution, etc. 2010.
300 ## - PHYSICAL DESCRIPTION
Extent xviii, 422 p. :
Other physical details ill. (some col.), maps (some col.) ;
Dimensions 26 cm.
504 ## - BIBLIOGRAPHY, ETC. NOTE
Bibliography, etc. note Includes bibliographical references (p. 357-406) and index.
505 0# - FORMATTED CONTENTS NOTE
Formatted contents note 1. Introduction -- Pt. I. Early human history -- 2. From ape to human: the emergence of hominins -- 3. Human behavioural evolution -- 4. migrations and diaspora of Homo -- Pt. II. Climate during the last glacial cycle -- 5. Climate change over the last 135 000 years -- 6. effect of 135 000 years of changing climate on the global landscape -- Pt. III. interaction between climate and humans -- 7. interaction between climate and humans -- 8. Climate and agriculture -- 9. Climate and our future -- Appendices: The biological background to the story of evolution -- App. A. Evolutionary theory -- App. B. Developmental evolution -- App. C. Human adaptability: the physiological foundation.
650 #0 - SUBJECT ADDED ENTRY--TOPICAL TERM
Topical term or geographic name entry element Human beings
General subdivision Effect of climate on.
9 (RLIN) 8786
650 #0 - SUBJECT ADDED ENTRY--TOPICAL TERM
Topical term or geographic name entry element Human evolution.
9 (RLIN) 8218
650 #0 - SUBJECT ADDED ENTRY--TOPICAL TERM
Topical term or geographic name entry element Climatic changes.
9 (RLIN) 6503
650 07 - SUBJECT ADDED ENTRY--TOPICAL TERM
Topical term or geographic name entry element Evolution.
Source of heading or term swd
9 (RLIN) 6983
650 07 - SUBJECT ADDED ENTRY--TOPICAL TERM
Topical term or geographic name entry element Klimaänderung.
Source of heading or term swd
9 (RLIN) 8787
650 07 - SUBJECT ADDED ENTRY--TOPICAL TERM
Topical term or geographic name entry element Mensch.
Source of heading or term swd
9 (RLIN) 8788
700 1# - ADDED ENTRY--PERSONAL NAME
Personal name Reid, Robert G. B.,
Dates associated with a name 1939-
9 (RLIN) 8789
906 ## - LOCAL DATA ELEMENT F, LDF (RLIN)
a 7
b cbc
c copycat
d 2
e ncip
f 20
g y-gencatlg
942 ## - ADDED ENTRY ELEMENTS (KOHA)
Source of classification or shelving scheme Dewey Decimal Classification
Koha item type Books like text book referance book
Suppress in OPAC No
Holdings
Withdrawn status Lost status Source of classification or shelving scheme Damaged status Not for loan Collection code Home library Current library Shelving location Date acquired Total Checkouts Full call number Barcode Date last seen Copy number Price effective from Koha item type
    Dewey Decimal Classification     Reference Wondo Genet Library Wondo Genet Library General Stacks 09/30/2021   304.25 HET 2010 WGCFNRL000000369 09/30/2021 1 09/30/2021 Books like text book referance book